[Event "Ciocaltea Memorial"]
[Site "Bucharest"]
[Date "2001.03.14"]
[Round "11"]
[White "Motylev, Alexander"]
[Black "Marin, Mihail"]
[Result "1-0"]
[WhiteElo "2570"]
[BlackElo "2604"]
[Annotator "Finkel,A"]
[PlyCount "59"]
[EventDate "2001.03.04"]
[EventType "tourn"]
[EventRounds "11"]
[EventCountry "ROU"]
[EventCategory "12"]
[SourceTitle "CBM 082"]
[Source "ChessBase"]
[SourceDate "2001.05.17"]
[SourceVersion "1"]
[SourceVersionDate "2001.05.17"]
[SourceQuality "1"]

1. e4 d6 2. d4 Nf6 3. Nc3 g6 4. Bg5 Bg7 (4... c6 5. Qd2 b5 6. Bd3 h6 (6... Nbd7
7. Nf3 h6 8. Be3 e5 9. d5 cxd5 10. Nxd5 Nxd5 11. exd5 a6 12. Be2 f5 13. Qb4 Qf6
14. a4 $36 {Krivec,J-Manca,F/Nova Gorica op/1997/}) 7. Bh4 Nbd7 $6 (7... g5
$142 8. Bg3 Nh5 9. Nge2 Bg7 $13) 8. f4 b4 9. Nce2 e5 10. dxe5 dxe5 11. Nf3 Be7
12. fxe5 Nh5 13. Bxe7 Qxe7 14. e6 Qxe6 15. Ned4 Qd6 16. e5 $1 Qd5 17. e6 $40 {
Leko,P-Dao Thien Hai/Budapest/1993/}) (4... h6 5. Bh4 Nh5 $5 $146 (5... c6 6.
f4 $5 (6. e5 Nd5 7. Nxd5 cxd5 8. Nf3 Nc6 9. exd6 Qxd6 10. c3 Bg4 11. Be2 Bg7
12. O-O O-O 13. Bg3 Qd8 14. Ne5 Nxe5 15. Bxe5 Bxe5 16. Bxg4 {1/2,Heyne,
G-Farsakh,C/BAY-chT3SE/1995/}) 6... Qa5 7. Qd2 Bg7 8. Nf3 Bg4 9. Be2 Nbd7 10.
h3 Bxf3 11. Bxf3 e5 12. dxe5 (12. Bf2 $142 $1 $14) 12... dxe5 13. f5 g5 14. Bf2
Bf8 15. O-O Bc5 16. a3 Bxf2+ 17. Qxf2 Qb6 $11 {Hresc,V-Penn/Munich op/1985/}) (
5... Bg7 6. f4 $5 c5 $142 $5 (6... c6 7. Nf3 Bg4 8. h3 Bxf3 9. Qxf3 Qa5 10.
O-O-O e6 11. g4 Nbd7 12. f5 O-O-O 13. fxe6 fxe6 14. Bc4 Rde8 15. Bg3 e5 16. d5
$36 {Mahdy,K-Schlosser/Wien op/1986/}) 7. e5 (7. dxc5 Qa5 8. Qd2 Qxc5 9. Nf3
Nc6 10. O-O-O Be6 11. h3 O-O 12. g4 Qa5 13. a3 Rfc8 14. Kb1 b5 15. Bxf6 Bxf6
16. Nd5 Bxd5 17. Qxa5 Ba2+ 18. Kxa2 Nxa5 19. c3 Rab8 $11 {Westerinen,H-Vadasz,
L/Budapest Tungsram/1976/}) 7... Nh5 8. dxc5 Nxf4 9. exd6 g5 (9... Qa5 $5 10.
Qd2 g5 11. Bf2 O-O 12. dxe7 Re8 13. O-O-O Nc6 14. Bc4 Bg4 15. g3 Ne6 16. Nge2
Ne5 17. Bxe6 Bxe6 18. Kb1 Nc4 19. Qe1 Nxb2 20. Kxb2 Qxa2+ $40 {Kujawski,
R-Szerwonski,A/Slupsk op/1992/}) 10. Bf2 O-O 11. Qd2 exd6 12. O-O-O $13 {
1-0,Sorokin,M-Jansa,V/Ostrava/1992/ (25)}) 6. Qf3 Bg7 7. Bc4 O-O 8. Nge2 c5 9.
dxc5 Nc6 10. Qe3 Ne5 11. Bb3 g5 $132 {Sermek,D-Djuric,S/Nova Gorica op/1997/ 
(25)}) 5. Qd2 (5. f3 c6 6. Qd2 Nbd7 7. Bh6 Bxh6 8. Qxh6 b5 9. Nge2 e5 10. dxe5
$6 dxe5 11. Nc1 Bb7 12. Nd3 Qe7 13. g3 O-O-O 14. b4 a5 15. a3 Kc7 16. Be2 axb4
17. axb4 Ra8 18. Kf2 Rxa1 19. Rxa1 Ra8 20. Rxa8 Bxa8 21. Qe3 $10 {Kristensen,
B-Hansen,Cu/Vejle/1994/}) 5... h6 6. Bh4 (6. Bf4 Nbd7 7. O-O-O g5 8. Be3 Ng4 9.
h4 $5 Nxe3 10. Qxe3 g4 11. h5 c5 12. Nge2 a6 13. dxc5 Nxc5 14. Nd4 Qa5 15. Bc4
Bd7 16. Nd5 $36 {Polgar,J-Smirin,I/Groningen PCA/1993/}) 6... g5 {Stohl: ׻} (
6... O-O 7. f4 c6 (7... b6 $6 8. e5 dxe5 9. fxe5 Nd5 10. O-O-O Nc6 11. Nge2 Be6
12. Nxd5 Qxd5 13. Nc3 Qa5 14. a3 Rfd8 15. Qe3 Rab8 16. Bb5 g5 17. Bg3 $16 {
Winants,L-Seret,JC/Lyon zt/1990/}) 8. Bd3 b5 9. Nf3 b4 (9... a6 10. e5 dxe5 11.
dxe5 b4 12. Ne4 Nd5 13. O-O a5 14. Kh1 $14 {Mahdy,K-Steiner,U/AUT-chT/1991/ 
(23)}) 10. Ne2 Qb6 11. h3 Re8 12. e5 Nd5 13. Bf2 Ba6 14. e6 fxe6 15. Nh4 Nd7
16. Nxg6 Bxd3 17. Qxd3 Qb5 $1 18. Qe4 Nc7 19. Bh4 Nf6 20. Bxf6 Bxf6 21. O-O-O
Qd5 22. Qd3 Qxa2 23. g4 b3 $13 {Schmittdiel,E-Lau,R/FRG-ch/1991/}) 7. Bg3 Nh5
8. O-O-O (8. f3 Nxg3 9. hxg3 Nc6 10. Nce2 d5 11. e5 f6 12. exf6 exf6 13. g4 Qd6
14. O-O-O f5 15. Qe3+ Ne7 16. gxf5 Bxf5 17. g4 Bd7 18. f4 Bxg4 19. fxg5 O-O-O
$15 {Mainka,R-Preiss,M/Badenweiler op/1990/}) 8... Nd7 {Pein: 'Black's chances
against the Byrne Variation ( 4.Bg5) often depend on dark squared play after
White's bishop is exchanged or sidelined'} (8... Nc6 9. Bb5 Bd7 10. Nge2 e5 (
10... e6 11. f3 Nxg3 12. hxg3 a6 13. Bxc6 Bxc6 14. g4 Qe7 15. Ng3 Rg8 16. Rhe1
O-O-O 17. Nh5 Bh8 18. Nd5 Qf8 19. Ne3 Kb8 20. Qa5 Bd7 21. Rd3 Bc8 22. Red1 Qe7
23. d5 b6 24. Qa3 Ka7 25. Ng3 Be5 26. Ne2 Bb7 27. Nd4 Qd7 $13 {Tiviakov,
S-Markowski,T/Polanica Zdroj/1995/}) 11. dxe5 Nxe5 12. Nd4 c6 13. Be2 Nxg3 14.
hxg3 Qf6 15. f4 gxf4 16. gxf4 Ng6 17. g3 O-O-O 18. Rh5 Ne7 19. Qe3 Kb8 20. Ra5
Nc8 21. Rh5 Rde8 22. Qf2 $14 {Peresypkin-Ftacnik,L/Kiev/1978/}) (8... e6 $5 9.
Kb1 Nd7 10. Nf3 Nb6 11. d5 Bd7 12. Nd4 Qe7 13. Be2 Nxg3 14. hxg3 O-O-O 15. g4
Kb8 16. Rh3 Qf6 17. Rf3 Qg6 18. Re3 Be5 19. g3 Qg7 20. Nb3 Rde8 21. Na5 Re7 $15
{Piza,D-Danailov,S/St.Cugat op/1992/}) 9. e5 (9. Nge2 a6 (9... c5 10. f3 $146 (
10. Kb1 a6 11. dxc5 Nxc5 12. h4 Qb6 13. Qe3 Nxg3 14. Nxg3 Be6 15. Nf5 Bxf5 16.
exf5 Nd7 17. Qe1 (17. Qxb6 $5 Nxb6 18. Ne4 $14) 17... Rc8 18. Rh3 g4 19. Re3
Kf8 20. Rdd3 Ne5 21. Rd1 Nd7 22. Rdd3 Ne5 23. Rd1 {1/2-1/2 Beliavsky,A-Chernin,
A/Portoroz 1997/CBM 61 (23)}) 10... Nxg3 11. hxg3 a6 12. f4 Qa5 13. Kb1 g4 14.
Nd5 Qd8 15. Ne3 Nf6 16. Nc3 $13 {Tiviakov,S-Gurevich,D/Las Vegas 1999/CBM 72,
(33)}) (9... e6 10. h4 (10. f4 gxf4 11. Bxf4 (11. Nxf4 $6 Nxg3 12. hxg3 Qg5 $15
) 11... Nxf4 12. Nxf4 Qg5 13. g3 h5 $132) 10... a6 11. Bh2 gxh4 12. e5 Nb6 $13
{1/2-1/2 Leko,P-Svidler,P/Koop Tjuchem Groningen 1996/CBM 57,(29)}) 10. h4 $1
g4 11. f3 f5 $5 12. e5 Nb6 13. exd6 cxd6 14. Bf2 $14 {Tiviakov,S-Smirin,I/Wijk
aan Zee 1994/CBM 40,(54)}) (9. Bc4 $5) (9. Be2 Nxg3 10. hxg3 c5 11. d5 Qa5 12.
f4 Bxc3 13. Qxc3 Qxc3 14. bxc3 Nf6 $132 {Mestel,A-Miles,A/Hastings 1974/EXT 99
(38)}) (9. Kb1 c5 10. dxc5 Nxg3 11. hxg3 Nxc5 12. f4 Be6 13. Nf3 Qa5 $36 {
Hendriks,W-Tseitlin,M/Groningen 1997/CBM 62 ext (27)}) (9. f3 Nxg3 10. hxg3 c5
11. dxc5 Nxc5 12. Bb5+ Kf8 13. Nge2 Qa5 14. Nd4 a6 15. Be2 Bd7 16. Kb1 Rc8 $132
{1/2-1/2 Nevednichy,V-Marin,M/Iasi 1999/CBM 75 (21)}) 9... dxe5 10. dxe5 e6 11.
Qe2 $1 {Very strong move after which black is in troubles:black bishop on g7
is cut off and in additin to this black has certain difficulties in developing
his queenside.} (11. Be2 $6 Nxg3 12. hxg3 Bxe5 13. f4 Bg7 14. Nf3 Qe7 15. fxg5
hxg5 16. Rxh8+ Bxh8 17. Nxg5 Nf6 $132 {Sofronie,I-Marin,M/Bucharest 2000/CBM
77 (24)}) 11... Nxg3 12. hxg3 Qe7 (12... g4 $2 13. Rh5 $1 Qe7 14. Qxg4 Bxe5 15.
Rxd7 Bxd7 16. Rxe5 $16) 13. f4 $14 Nb6 14. Qf3 $1 {Preventing black from
playing Bd7} f5 $6 {Opening the position black very soon finds himself under
attack so he should try} (14... Rb8 15. Bd3 Bd7 16. Nge2 Bc6 17. Be4 Bxe4 18.
Qxe4 a6 $14 {with worse,but playabe position.}) 15. exf6 Qxf6 16. Qh5+ $1 Ke7 (
16... Qf7 17. Rd8+ Ke7 18. Rxh8 Qxh5 19. Rxh5 Bxh8 20. Rxh6 $16) 17. Nf3 Bd7 (
17... Nd5 $2 18. Rxd5 $1 $18) 18. Ne5 Be8 19. Qf3 gxf4 20. gxf4 Rf8 (20... Rd8
21. g3 $1 {[%csl Gf4]} Rxd1+ 22. Nxd1 {[%csl Ra7,Rb7]} c6 23. Qa3+ Kd8 24. Qxa7
$18) 21. Ne2 Rd8 (21... Bc6 22. Qa3+ Ke8 23. Nxc6 bxc6 24. c3 $16 {[%cal Gg2g3,
Gf1g2]}) 22. Rxd8 Kxd8 23. Qxb7 $18 Qe7 24. Qb8+ Nc8 25. Nd4 Bxe5 26. fxe5 Bd7
(26... Qg5+ 27. Kb1 Qxe5 28. Ba6 Qxd4 29. Qxc8+ Ke7 30. Qxc7+ Bd7 31. a3 $18)
27. Ba6 Qg5+ 28. Kb1 Qxg2 29. Rd1 Qg4 30. Be2 $1 (30. Be2 Qg6 31. Nc6+ Ke8 32.
Qxc7 Nb6 33. Qd8+ Kf7 34. Rf1+ $18) 1-0

[Event "ASEAN GM 1st"]
[Site "Bangkok"]
[Date "2004.06.11"]
[Round "10"]
[White "Nguyen, Anh Dung"]
[Black "Villamayor, Buenaventura"]
[Result "1-0"]
[WhiteElo "2535"]
[BlackElo "2469"]
[Annotator "Finkel,A"]
[PlyCount "99"]
[EventDate "2004.06.04"]
[EventType "tourn"]
[EventRounds "10"]
[EventCountry "THA"]
[EventCategory "10"]
[SourceTitle "CBM 102"]
[Source "ChessBase"]
[SourceDate "2004.09.23"]
[SourceVersion "1"]
[SourceVersionDate "2004.09.23"]
[SourceQuality "1"]

1. e4 d6 2. d4 Nf6 3. Nc3 g6 4. Be3 c6 5. Qd2 b5 6. Bd3 {After 5...b5 this
move is fully justified and white's results in this variation are simply
fantastic!} Nbd7 (6... e5 7. dxe5 dxe5 8. Nf3 Nbd7 9. h3 a6 (9... Bb7 10. a4 a6
11. Bh6 Qe7 12. O-O Bxh6 13. Qxh6 Qf8 14. Qe3 Qe7 15. Qh6 Qf8 16. Qe3 Qe7 17.
Qh6 {1/2-1/2 Kindermann,S-Ftacnik,L/Germany 1997/GER-chT (17)}) 10. Bh6 Bxh6
11. Qxh6 Qe7 12. O-O Bb7 13. Rfe1 Qf8 14. Qg5 h6 15. Qe3 Qe7 $11 {Rasik,
V-Pribyl,J/Prague 1992/TD}) 7. Nf3 e5 8. h3 (8. dxe5 Nxe5 9. Nxe5 dxe5 10. h3
a6 (10... Bb7 $2 11. Nxb5 cxb5 12. Bxb5+ Nd7 13. O-O-O Bc8 14. Qd5 $18) (10...
Bg7 11. a4 $16) 11. Bh6 $5) 8... Bb7 (8... Bg7 9. dxe5 dxe5 10. a4 b4 11. Ne2 (
11. Nd1 Qe7 12. O-O O-O 13. c3 c5 14. Qe2 Bb7 15. Nd2 Rfd8 $132 {Tolnai,
T-Stajcic,N/Kecskemet 1991}) 11... a5 12. c3 c5 (12... Rb8 13. cxb4 (13. Rc1 {
><c6}) 13... Rxb4 14. Qc2 O-O 15. O-O Qc7 16. Rfc1 Qb8 17. Rab1 Qa8 18. Bd2 Rb8
19. Ng3 c5 20. Bc3 $16 {Gdanski-Van Wely, Iraklion 1993}) (12... bxc3 13. Qxc3
{/\ Nd2-c4+/-}) (12... Qe7 13. cxb4 axb4 14. Qc2 Bb7 15. O-O O-O 16. Rfd1 Ra5
17. Nc1 $14 {Gallagher,J-Fioramonti,H/Zug 1991/EXT 97}) 13. cxb4 cxb4 14. O-O
O-O 15. Rfd1 Bb7 16. Bb5 Qb8 17. Ng3 $16 {Nunn-Gelfand, Munich 1991}) 9. O-O
Bg7 (9... a6 10. Rfe1 Bg7 11. Bh6 Bxh6 12. Qxh6 Qe7 13. a4 Ng8 14. Qd2 Ngf6 15.
Qh6 Ng8 16. Qe3 Ngf6 17. Qh6 {1/2-1/2 Nadyrhanov,S-Tseshkovsky,V/Krasnodar
2000/EXT 2001 (17)}) 10. a4 a6 (10... b4 11. Ne2 a5 12. Bh6 O-O 13. Bxg7 Kxg7
14. c3 c5 15. Ng3 bxc3 16. bxc3 $14 {Bensch,P-Pohl Kuemmel,J/Freising 2001})
11. dxe5 dxe5 12. Ne2 O-O 13. Ng3 Qe7 (13... Re8 14. c4 bxa4 $6 (14... bxc4 15.
Bxc4 Qe7 16. Rfd1 c5 17. Qc2 $14) 15. c5 Bf8 16. Rfc1 a5 17. Rxa4 Qc7 18. Qc3
$16 {Stefansson,H-Ponomariov,R/Panormo 2001}) (13... Qc7 14. c4 (14. Bh6 $6
Rfe8 15. Nf5 $6 Bh8 16. Qg5 c5 $17 {Kogan,A-Van Wely,L/Heraklio 1993}) 14...
Rad8 15. c5 Rfe8 16. Rfc1 Nf8 17. axb5 axb5 18. Qc3 Ne6 19. Bf1 $14 {Bozzo,
R-Verduyn,F/Dos Hermanas 2003}) 14. c4 {The point of knight's manouvre. White
is capturing space on the queenside.} (14. Bh6 $6 Rfe8 15. Rfd1 Nc5 16. Bxg7
Kxg7 17. Qg5 Kh8 18. b3 Nfd7 19. Qe3 Rad8 $11 {Adams,M-Ftacnik,L/Germany 1997/
GER-chT}) 14... b4 {[%csl Rb4,Rb7]} (14... Rfe8 15. cxb5 axb5 16. axb5 Nc5 17.
Rxa8 Bxa8 18. Bxc5 Qxc5 19. Rc1 Qb6 20. bxc6 Bxc6 21. Bc4 $16 {Hamdouchi,
H-Othman,A/Tunis 2001}) 15. c5 a5 16. Qc2 (16. Rac1 Rfd8 17. Qe2 Ne8 18. Bc4 h6
19. Rfd1 Nf8 20. Rxd8 Rxd8 21. Nf1 $14 {Stefansson,H-Franco Ocampos,Z/Bled 2002
}) 16... Rfd8 17. Rfd1 Bf8 (17... Ne8 18. Bc4 h6 19. Rd2 Nf8 20. Rad1 Rxd2 21.
Qxd2 Kh7 22. Qd3 Rc8 $11 {Palac,M-Ftacnik,L/Ljubljana 1998}) 18. Rac1 Ne8 19.
Bc4 h6 (19... Nxc5 20. Rxd8 Rxd8 21. Bxc5 Qxc5 22. Bxf7+ Kxf7 23. Qxc5 Bxc5 24.
Rxc5 Rd1+ 25. Kh2 Rb1 26. Nxe5+ Ke7 27. Rxa5 $18) 20. Rd3 Ndf6 21. Rcd1 Rxd3
22. Rxd3 Ba6 (22... Bc8 23. Nd2 Be6 24. Bxe6 Qxe6 25. Nb3 Kh7 26. f3 Nd7 27.
Nf1 f5 28. Nfd2 $14) 23. Bxa6 Rxa6 24. Nd2 Nc7 25. Nb3 Ne6 26. Nf1 Nf4 (26...
Ra8) 27. Qc4 Nxd3 $2 {Inaccurately assesing an arising endgame.} (27... Ra8 28.
Rd6 Ne6 29. Rxc6 $140 $6 (29. Nfd2) 29... Qe8 30. Rb6 Qxa4 31. Rxe6 fxe6 32.
Qxe6+ Kh7 33. Nbd2 Bg7 $15) 28. Qxa6 $16 Nxb2 (28... Qd7 29. Nxa5 Nxe4 30. Qa8
Nexc5 31. Bxh6 Qd6 32. Nxc6 b3 33. Nd2 Nxb2 34. a5 $16) 29. Qxc6 {[%cal Gc6a8,
Gc5c8]} Nc4 (29... Nd1 30. Qa8 Nxe3 31. Nxe3 Qe6 32. c6 Nxe4 33. c7 Nd6 34. Nc5
Qc8 35. Qb8 $18) 30. Qa8 Kg7 (30... Qe8 31. Qxe8 Nxe8 32. c6 Kg7 33. Nfd2 Nxe3
34. fxe3 $16) 31. c6 Nxe4 32. c7 Qxc7 33. Qxe4 Nb2 34. Bd4 $1 $18 Nc4 35. Ba1
Bd6 36. Ne3 Nd2 37. Bxe5+ Bxe5 38. Nxd2 Qc1+ 39. Nef1 Bc3 40. Nb3 Qa3 41. Qd5
Qxa4 42. Nxa5 Qc2 43. Nb3 h5 44. g3 Qe2 45. Nfd2 Kg8 46. Ne4 Be1 47. Kg2 Bc3
48. Nbc5 Bb2 49. Nd3 Bc3 50. Nxc3 1-0

[Event "FIDE-Wch k.o."]
[Site "New Delhi/Teheran"]
[Date "2000.12.04"]
[Round "3.2"]
[White "Macieja, Bartlomiej"]
[Black "Beliavsky, Alexander G"]
[Result "1/2-1/2"]
[WhiteElo "2536"]
[BlackElo "2654"]
[Annotator "Finkel,A"]
[PlyCount "161"]
[EventDate "2000.11.27"]
[EventType "k.o."]
[EventRounds "7"]
[EventCountry "IND"]
[SourceTitle "CBM 081"]
[Source "ChessBase"]
[SourceDate "2001.03.20"]
[SourceVersion "1"]
[SourceVersionDate "2001.03.20"]
[SourceQuality "1"]

{[%mdl 4128]} 1. e4 g6 2. d4 d6 3. Nf3 Nf6 4. Bd3 Bg7 5. O-O O-O 6. c3 Nbd7 7.
a4 (7. Nbd2 c6 (7... e5 8. dxe5 dxe5 9. b4 Re8 10. Nc4 Nh5 11. Re1 Nb6 12. Na5
Nf4 13. Bf1 Qf6 14. Be3 $6 {Waitzkin,J-Svidler,P/WchJM-U18 1994} (14. Nd2 $14))
8. a4 Qc7 9. b3 e5 10. Ba3 Re8 11. Re1 b6 12. Qc2 Bb7 13. h3 Rad8 14. a5 d5 15.
exd5 cxd5 16. axb6 axb6 17. dxe5 Nxe5 18. Nxe5 Rxe5 19. Rxe5 Qxe5 20. Nf3 $14 {
Kulaots,K-Jonsson,B/Elista olm 1998}) (7. Re1 e5 8. Nbd2 b6 (8... Re8 9. a4 h6
(9... d5 10. dxe5 dxe4 11. exf6 Nxf6 12. Bb5 c6 13. Nxe4 $1 Nxe4 14. Qxd8 Rxd8
15. Rxe4 cxb5 16. axb5 $14) 10. Bc2 a5 11. Nf1 b6 {/\ Bb7,d5} 12. d5 Bb7 13. b4
Qb8 14. Ba3 $14 {Svidler,P-Iordachescu,V/WchJM-U18 1994}) 9. a4 a5 10. Bc2 Bb7
11. d5 Nh5 12. Nc4 h6 13. g3 Ndf6 14. b4 axb4 15. cxb4 Bc8 16. a5 Nh7 17. Ra3
$14 {McShane,L-Norwood,D/BCF-chT 9900 (4NCL) 2000}) 7... e5 8. Bg5 Re8 9. Re1
Nf8 10. dxe5 {Usually white refrains from taking on e5 when he develops his
bishop to d3} (10. Nbd2 Ne6 11. Bh4 Nf4 12. Bf1 Qe7 $13) 10... dxe5 11. Na3 Ne6
12. Bc4 Qe7 (12... Qxd1 13. Raxd1 Nxg5 14. Nxg5 Rf8 15. Nb5 Bd7 16. Nxc7 Rac8
17. Bxf7+ Rxf7 18. Nxf7 Kxf7 19. Nb5 $14) 13. Bh4 Nf4 14. Qb3 {Normally the
queen should stand on c2, but in this case white would have problems with the
knight on a3.} (14. Qc2 {[%csl Ra3]}) 14... h6 15. h3 $6 (15. Nd2 g5 16. Bg3
N6h5 17. Nf1) 15... g5 16. Bg3 N6h5 17. Nh2 (17. Bh2 $5 g4 18. hxg4 Bxg4 19.
Nd2 c6 20. Nf1 Rad8 21. Ne3 Bc8 $132) 17... Nxg3 18. fxg3 Nh5 19. Nf1 g4 20. h4
Qf6 21. Nc2 Bf8 $1 22. Nce3 Bc5 $15 23. Qc2 a5 24. Qf2 Qxf2+ ({Very serious
attention deserved} 24... Qg6 $5 25. Nd2 $1 (25. Rad1 Nf6 26. Nd2 Bd7 27. b3
Bc6 28. Rf1 Rad8 (28... Kg7 29. Nf5+ Qxf5 30. Qxc5 Qg6 31. Rf2 $13 {[%csl Rf7]}
) 29. Kh2 Rd6 30. Qf5 $132) 25... Rd8 26. Rf1 Nf6 27. Rae1 Rd6 28. Kh2 Bd7 $15)
25. Kxf2 Nf6 26. Nd2 Be6 27. Bxe6 Rxe6 28. Ke2 Bxe3 29. Kxe3 Nh5 $15 {Till the
end of the game black tries to break through, but white defences very
accurately and manages to hold a draw.} 30. Nf1 (30. Kf2 $2 Rf6+ 31. Kg1 Nxg3
$17) 30... Rb6 31. Rab1 Rd8 32. Kf2 Rd3 33. Re3 Rd8 34. Kg1 Rc6 35. Re2 Rcd6
36. Kh2 $5 {[%csl Gg3][%cal Gf1e3] Finally releasing the knight.} Nf6 37. Ne3
$1 Rd2 (37... Nxe4 $2 38. Nc4 $1 Nd2 (38... f5 39. Nxd6 cxd6 40. Rd1 d5 41. Re3
$14) 39. Nxd6 Nxb1 40. Nxb7 Rd5 41. c4 $14) 38. Rxd2 Rxd2 39. Nc4 Re2 40. Nxa5
b6 41. Nc6 Nxe4 (41... Rxe4 42. b4 $5 {[%cal Ga4a8]} Rc4 (42... Nd5 43. a5 Nxc3
44. Ra1 bxa5 45. bxa5 f6 46. a6 Ra4 47. Rxa4 Nxa4 48. Ne7+ Kf7 49. Nd5 $18) 43.
Nxe5 Rxc3 44. a5 bxa5 45. bxa5 Ra3 $11) 42. Nxe5 Nxc3 43. Rc1 $1 (43. bxc3 Rxe5
44. Rb4 h5 45. Rc4 c5 46. Kg1 f6 $15 {[%cal Gg8d5]}) 43... Nd5 (43... Na2 44.
Ra1 Rxe5 45. Rxa2 Re2 46. a5 bxa5 47. Rxa5 Rxb2 48. Rc5 Rb7 49. Rc4 f5 50. Rc5
$11) 44. Nxg4 Kg7 {[%csl Rg4][%cal Gf7f5]} 45. Kh3 f5 46. Nh2 Rxb2 47. a5 $1
bxa5 48. Rc5 Rd2 49. Rxa5 h5 50. Ra1 $1 {[%csl Rh3]} (50. Nf3 Rd1 51. Kh2 Nf6
52. Ne5 Re1 $1 $19) 50... Ne3 51. Re1 Nd1 52. Nf3 Nf2+ 53. Kh2 Rd1 54. Rxd1
Nxd1 55. Kg1 Kf6 56. Kf1 Nc3 57. Ng5 Ke5 58. Nf7+ Ke4 59. Kf2 c5 60. Nd6+ Ke5
61. Nc4+ Kd4 62. Ne3 Ke4 63. Nc4 Nb5 64. Ke2 Kd4 65. Ne3 Nd6 66. Kf3 Ke5 (66...
c4 67. Nxc4 $1 Nxc4 68. Kf4 Ne3 69. Kg5 Nxg2 70. Kxh5 Ke5 71. Kg6 Ne3 72. h5
Nd5 73. h6 Nf6 $11) 67. Nc2 c4 68. Ke3 Nb5 69. Nb4 Nd4 70. Na2 Nc6 71. Kd2 Kd6
72. Ke3 Kc5 73. Nc3 Ne7 74. Na4+ Kb4 75. Kd4 $1 f4 (75... Kxa4 76. Kxc4 Ka5 77.
Kd4 Kb6 78. Ke5 Kc7 79. Kf6 Kd6 80. Kg5 Ke5 81. Kxh5 Kf6 82. g4 f4 83. Kh6 Nd5
84. g5+ Kf7 85. Kh7 Ne7 86. h5 Nf5 87. g6+ Kf6 88. Kh8 (88. h6 Kg5 89. g7 Nxh6
90. g8=Q+ Nxg8 91. Kxg8 Kg4 92. Kg7 Kg3 $19) 88... Kg5 89. g7 Nh6 90. g8=Q+
Nxg8 91. Kxg8 Kxh5 92. Kg7 Kg4 93. Kf6 Kg3 94. Kf5 $11) 76. Nb2 $1 Nf5+ (76...
fxg3 77. Nxc4 Nf5+ 78. Ke4 Nxh4 79. Ne3 $11) (76... c3 77. Nd3+ Kb3 78. gxf4
Nf5+ 79. Ke4 Nxh4 80. f5 Nxg2 81. f6 Nh4 82. f7 Ng6 83. Kf5 Nf8 84. Kg5 $11)
77. Ke4 Nxg3+ 78. Kxf4 c3 79. Nd3+ Kc4 80. Nc1 Nf1 81. g4 1/2-1/2

[Event "Linares Anibal op 08th"]
[Site "Linares"]
[Date "2001.01.12"]
[Round "5"]
[White "Fernandez Romero, Ernesto"]
[Black "Motylev, Alexander"]
[Result "0-1"]
[WhiteElo "2312"]
[BlackElo "2570"]
[Annotator "Finkel,A"]
[PlyCount "52"]
[EventDate "2001.01.08"]
[EventType "swiss"]
[EventRounds "11"]
[EventCountry "ESP"]
[SourceTitle "CBM 081"]
[Source "ChessBase"]
[SourceDate "2001.03.20"]
[SourceVersion "1"]
[SourceVersionDate "2001.03.20"]
[SourceQuality "1"]

{[%mdl 2080]} 1. e4 d6 2. d4 Nf6 3. Nc3 c6 4. f4 Qa5 {This variation used to
be in the begining of the 90th quiet popular in the tournament practice, but
at some stage white has found a few ways that lead to the advantage and this
variation has disappered from tournament scene.} 5. Bd3 e5 6. Nf3 exd4 7. Nxd4
g6 (7... Qb6 8. Nb3 a5 9. a4 Be6 10. Qe2 Na6 11. Be3 Qc7 12. Bd4 Bxb3 13. cxb3
Nb4 14. Bc4 O-O-O 15. O-O $14 {Ivanov,V-Akopian,A/Moscow op 1994}) 8. h3 {
This move is just a waste of time.} (8. Nf3 Bg7 9. O-O O-O 10. Qe1 (10. Kh1
Nbd7 11. Bd2 Nc5 12. Rb1 Nxd3 13. cxd3 Bg4 14. Nd5 Qd8 $11 {Bliberger,
K-Hamberger,J/Vienna op-B 1995}) 10... Nbd7 11. f5 Nc5 12. Qh4 gxf5 13. Bh6
Ncxe4 14. Bxe4 fxe4 15. Ng5 $36 {Sion Castro,M-Azmaiparashvili,Z/San Roque 1996
}) (8. O-O Bg7 9. Kh1 Ng4 10. Nf3 b5 11. h3 h5 12. Qe1 b4 13. Nd1 Nd7 14. a3
$14 {De la Villa Garcia,J-Ibanez Aullana,J/Mondariz op 1997}) (8. Nb3 Qc7 9.
O-O Bg7 10. Kh1 O-O 11. Be3 Nbd7 12. a4 b6 13. Qd2 a6 14. Be2 Re8 15. Bf3 Bb7
16. Rad1 $14 {Lovlu,S-Murshed,N/Sakthi 1996}) 8... Bg7 9. Nb3 Qc7 10. O-O O-O
11. Qf3 (11. a4 $5) 11... b5 12. a4 (12. Be3 Nbd7 13. Rad1 Bb7 14. a3 a5 15.
Rfe1 b4 16. axb4 axb4 17. Nb1 c5 18. N1d2 $13) 12... b4 13. Nd1 Bb7 14. a5 $6
a6 15. g4 $2 {White is unfamiliar with his variation and with the last moves
he simply created to himself weaknesses.} Nbd7 16. Ne3 Rae8 $15 17. c3 (17. g5
Nh5 18. Ng4 f6 19. gxf6 Nhxf6 20. Nxf6+ Nxf6 $15 {[%csl Re4][%cal Gc6c5]})
17... c5 18. Nd2 c4 $1 19. Bb1 (19. Ndxc4 Nxe4 $17 {[%cal Gb7f3]}) (19. Nexc4
bxc3 20. bxc3 Nc5 21. Ba3 Nfxe4 22. Nxe4 Nxe4 $17) 19... Nc5 {[%csl Re4] All
black pieces are ideally placed and white can't defend successfully for a long
time.} 20. Nd5 Nxd5 21. exd5 bxc3 22. bxc3 Nb3 $1 23. Nxb3 cxb3 $19 {[%csl Rc3,
Rd5][%cal Gc7c5]} 24. Bd2 Qc5+ 25. Kh2 Bxd5 26. Qf2 Qb5 0-1